Houston Rockets All-Decade Teams - Statistics

General Stats
  • This quiz has been taken 17 times
  • The average score is 17 of 30
Answer Stats
Decade Pos. Year(s) WS Player % Correct
2020s SG/PG 2020-2021 14.1 James Harden
100%
2010s SG/PG 2013-2019 100.9 James Harden
100%
1990s C 1990-1999 100.3 Hakeem Olajuwon
94%
1980s C 1985-1989 53.7 Hakeem Olajuwon
94%
2000s C 2003-2009 65.7 Yao Ming
94%
2020s PF 2023-2026 18.3 Jabari Smith Jr.
88%
1990s PG 1991-1996 37.3 Kenny Smith
88%
2020s C 2022-2026 30.5 Alperen Sengun
82%
1990s SG 1995-1998 26.9 Clyde Drexler
82%
2010s C 2015-2019 31.4 Clint Capela
76%
1970s C 1977-1979 28.9 Moses Malone
76%
2000s SG/SF 2005-2009 33.1 Tracy McGrady
76%
2000s PG 2000-2004, 2008 41.4 Steve Francis
71%
2020s PG 2024-2025 13.6 Fred VanVleet
65%
1980s PF/C 1984-1988 20.1 Ralph Sampson
65%
1970s PF/SF 1971-1979 64.7 Rudy Tomjanovich
59%
2010s SF 2010, 2015-2017 26.5 Trevor Ariza
59%
1970s PG/SG 1971-1979 68.7 Calvin Murphy
53%
1990s PF 1990-1995 45.8 Otis Thorpe
53%
2020s SF/PG 2024-2026 22.6 Amen Thompson
47%
1990s SF 1994-1998 25.6 Mario Elie
35%
2010s PG/SG 2013-2017 19.6 Patrick Beverley
35%
1980s SF/SG 1980-1988 34.0 Robert Reid
24%
2000s SG 2000-2004 33.6 Cuttino Mobley
18%
2010s PF 2010-2012 15.3 Luis Scola
18%
1980s SF 1984-1988 36.4 Rodney McCray
18%
1980s PG/SG 1980-1989 29.9 Allen Leavell
12%
2000s C/PF 2000-2004 19.6 Kelvin Cato
6%
1970s SF 1974-1978 13.8 Ed Ratleff
0%
1970s SG 1972-1979 36.3 Mike Newlin
0%
No matching quizzes found
Score Distribution
Percent of People with Each Score
Percentile by Number Answered
Your Score History
You have not taken this quiz